Normal view
MARC view
- Adan, Avraham
Entry Personal Name
001 - CONTROL NUMBER
- control field: 106149
003 - CONTROL NUMBER IDENTIFIER
- control field: NUST
005 - DATE AND TIME OF LATEST TRANSACTION
- control field: 20221228090829.0
008 - FIXED-LENGTH DATA ELEMENTS
- fixed length control field: 221228|| aca||aabn | a|a d
040 ## - CATALOGING SOURCE
- Original cataloging agency: NUST
- Transcribing agency: NUST
100 ## - HEADING--PERSONAL NAME
- Personal name: Adan, Avraham
670 ## - SOURCE DATA FOUND
- Source citation: Work cat.: (NUST)185155: Adan, Avraham,, On the banks of the Suez :, c1980.
